| 000 | 00862nam a22002297a 4500 | ||
|---|---|---|---|
| 999 |
_c8785 _d8785 |
||
| 003 | AR-CdUCM | ||
| 008 | 190326b ||||| |||| 00| 0 spa d | ||
| 020 | _a9786124097058 | ||
| 040 |
_aMUNICIPALIDAD PROVINCIAL DEL CUSCO _cBIBLIOTECA MUNICIPAL DEL CUSCO |
||
| 082 |
_a339.46 / _bC78 |
||
| 100 |
_aCoronado Aguilar, Manuel _924504 |
||
| 245 |
_aEl compartir : _bley económica que realmente elimina la pobreza extrema / |
||
| 260 |
_aLima : _bUAP, _c2001. |
||
| 300 |
_a163 páginas ; _c24 cm. |
||
| 505 | _aTeoría económica como ciencia -- La hipótesis científica -- Reflexiones entorno a la naturaleza humana -- El crecimiento económico -- Naturaleza de pobreza... | ||
| 650 |
_aTeoría económica. _94478 |
||
| 650 |
_aNaturaleza económica. _924505 |
||
| 650 |
_aEconomía. _9382 |
||
| 650 |
_aPobreza. _94721 |
||
| 942 |
_2ddc _cLIBROS |
||
| 945 | _awfj | ||